000 00656nam a2200277Ia 4500
005 20260324145334.0
008 008 260324s9999 xx 000 0 eng d
020 _a9781003378167
037 _aEBOOK
040 _aCRL
040 _beng
040 _cCRL
041 _2eng
041 _aeng
084 _qCRL
100 _aDaniel Duman
_91222610
245 4 _aThe English and Colonial Bars in the Nineteenth Century
260 _bTaylor and Francis
260 _c1983
365 _a
365 _b160
856 _uhttp://www.taylorfrancis.com/books/9781003378167
942 _cEBOOK
999 _c1830386
_d1830386